00315nam a22001097a 4500008004100000100002000041245008500061250000900146260003500155300000700190650000800197250424b |||||||| |||| 00| 0 eng d aShivam Khajuria aTrends & Challenges in the E-Commerce Industry & Their Implications for Business a2021 aJammubMIET (Autonomous)c2021 a31 aBBA